[Event "Juste pour jouer"]
[Site "Montreal CAN"]
[Date "2012.10.05"]
[Round "1.25"]
[White "Labadie, Bernard"]
[Black "Wang, Kelly"]
[Result "0-1"]
[WhiteElo "1290"]
[BlackElo "1683"]
[PlyCount "42"]
[GameId "2160767909444844"]
[EventDate "2012.10.05"]
[EventType "swiss"]
[EventRounds "7"]
[EventCountry "CAN"]
[SourceTitle "EXT 2022"]
[Source "ChessBase"]
[SourceDate "2021.10.06"]
[SourceVersion "1"]
[SourceVersionDate "2021.10.06"]
[SourceQuality "1"]

1. e4 c5 2. Nf3 d6 3. d4 cxd4 4. Nxd4 Nf6 5. Nc3 g6 6. Bg5 Bg7 7. Qd2 Nc6 8. Nxc6 bxc6 9. Bh6 O-O 10. Bxg7 Kxg7 11. Bd3 d5 12. exd5 Nxd5 13. Ne2 Rb8 14. Rb1 Kg8 15. a3 Nf6 16. O-O Ba6 17. c4 Bxc4 18. Rfd1 Bxd3 19. Qxd3 Qxd3 20. Rxd3 Rfd8 21. Rc3 Rxb2 0-1

[Event "Juste pour jouer"]
[Site "Montreal CAN"]
[Date "2012.10.05"]
[Round "1.26"]
[White "Lemieux, Serge"]
[Black "Alan, Luo"]
[Result "1-0"]
[WhiteElo "1589"]
[BlackElo "1182"]
[PlyCount "101"]
[GameId "2160767909444845"]
[EventDate "2012.10.05"]
[EventType "swiss"]
[EventRounds "7"]
[EventCountry "CAN"]
[SourceTitle "EXT 2022"]
[Source "ChessBase"]
[SourceDate "2021.10.06"]
[SourceVersion "1"]
[SourceVersionDate "2021.10.06"]
[SourceQuality "1"]

1. d4 d5 2. Bg5 Nf6 3. Bxf6 exf6 4. e3 c6 5. Bd3 g6 6. Nf3 Bg7 7. Nbd2 O-O 8. O-O Be6 9. Rc1 Nd7 10. c4 Rc8 11. b4 a6 12. c5 f5 13. a4 Nf6 14. b5 axb5 15. axb5 Ne4 16. Qc2 Bd7 17. b6 Ra8 18. Ra1 Qe7 19. Nb3 Rfb8 20. Ra7 Qd8 21. Rfa1 Qf8 22. Qa2 Rxa7 23. bxa7 Ra8 24. Qa5 Bf6 25. Qb6 Bc8 26. Nfd2 Bd8 27. Qb4 Bh4 28. Nxe4 fxe4 29. Be2 Bd8 30. Ra4 Bc7 31. Qc3 Bd7 32. Qa1 b6 33. Ra6 bxc5 34. Nxc5 Qd6 35. g3 Bc8 36. Ra4 Bb6 37. Ba6 Bxa6 38. Rxa6 Bxc5 39. dxc5 Qxc5 40. Qe5 Qb4 41. Qa1 c5 42. Ra5 Qb6 43. Ra6 Qb7 44. Rd6 Qxa7 45. Rd8+ Rxd8 46. Qxa7 c4 47. Qd4 Rc8 48. Qc3 Rb8 49. Qe5 Rb1+ 50. Kg2 Rc1 51. Qb8+ 1-0

[Event "Juste pour jouer"]
[Site "Montreal CAN"]
[Date "2012.10.05"]
[Round "1.27"]
[White "Serban, Diana"]
[Black "Saha, Ananda"]
[Result "1-0"]
[WhiteElo "1122"]
[BlackElo "1556"]
[PlyCount "91"]
[GameId "2160767909444846"]
[EventDate "2012.10.05"]
[EventType "swiss"]
[EventRounds "7"]
[EventCountry "CAN"]
[SourceTitle "EXT 2022"]
[Source "ChessBase"]
[SourceDate "2021.10.06"]
[SourceVersion "1"]
[SourceVersionDate "2021.10.06"]
[SourceQuality "1"]

1. d4 d5 2. c4 c6 3. Nc3 Nf6 4. Bg5 h6 5. Bh4 dxc4 6. a4 Nbd7 7. e4 Qb6 8. Rb1 e5 9. Nf3 exd4 10. Qxd4 Qxd4 11. Nxd4 Bb4 12. f3 Nb6 13. a5 Bxa5 14. b4 Bxb4 15. Rxb4 c5 16. Rb1 cxd4 17. Nb5 O-O 18. Nxd4 Be6 19. Rc1 Rac8 20. Nb5 Rc5 21. Nd4 c3 22. Bf2 Rcc8 23. Nb5 Na4 24. Nxa7 Rcd8 25. Bb5 Bd7 26. O-O Bxb5 27. Nxb5 Rd3 28. Rfd1 Rxd1+ 29. Rxd1 c2 30. Rc1 Rc8 31. Nd4 Nb2 32. Rxc2 Rxc2 33. Nxc2 Nd7 34. Na3 Nd3 35. Bd4 N3e5 36. Kf1 Nc6 37. Be3 Kf8 38. Ke2 Ke7 39. Kd3 Nde5+ 40. Kc3 Kd7 41. Nb5 f6 42. Bc5 Nf7 43. Kc4 Nfe5+ 44. Kd5 Nf7 45. Bf8 g6 46. Bc5 1-0

[Event "Juste pour jouer"]
[Site "Montreal CAN"]
[Date "2012.10.05"]
[Round "1.28"]
[White "Sonn, Eric"]
[Black "Perna, Valentino"]
[Result "0-1"]
[WhiteElo "1537"]
[BlackElo "1122"]
[PlyCount "94"]
[GameId "2160767909444847"]
[EventDate "2012.10.05"]
[EventType "swiss"]
[EventRounds "7"]
[EventCountry "CAN"]
[SourceTitle "EXT 2022"]
[Source "ChessBase"]
[SourceDate "2021.10.06"]
[SourceVersion "1"]
[SourceVersionDate "2021.10.06"]
[SourceQuality "1"]

1. e4 e6 2. d4 d5 3. Nc3 Nf6 4. e5 Nfd7 5. f4 g6 6. Nf3 Bg7 7. Bd3 O-O 8. Be3 c6 9. O-O Nb6 10. b3 Na6 11. Kh1 Qe7 12. g4 Nc7 13. Rg1 Ne8 14. Ne2 f6 15. exf6 Nxf6 16. a4 Bd7 17. h3 Be8 18. Ng3 Nbd7 19. Qe2 c5 20. Rae1 b6 21. Bd2 Bf7 22. f5 Rae8 23. g5 Ne4 24. Nxe4 exf5 25. Nf2 Qd6 26. Qf1 Bxd4 27. Nxd4 cxd4 28. Bb5 Rxe1 29. Bxe1 Ne5 30. Nd3 Be6 31. Bg3 f4 32. Bxf4 Bf5 33. Kh2 Bxd3 34. Qxd3 Rxf4 35. Qd1 Nf3+ 36. Kh1 Nxg1 37. Qxg1 Qf8 38. Qe1 Re4 39. Qg3 Qf4 40. Qg1 Re3 41. Bf1 Rg3 42. Bg2 Kg7 43. Qd1 Qf2 44. Qf1 Qxf1+ 45. Bxf1 Rxg5 46. b4 Kf6 47. c4 dxc3 0-1

[Event "Juste pour jouer"]
[Site "Montreal CAN"]
[Date "2012.10.05"]
[Round "1.29"]
[White "Poulin, Marc"]
[Black "Bergeron, Jean-Guy"]
[Result "0-1"]
[WhiteElo "1117"]
[BlackElo "1480"]
[PlyCount "38"]
[GameId "2160767909444848"]
[EventDate "2012.10.05"]
[EventType "swiss"]
[EventRounds "7"]
[EventCountry "CAN"]
[SourceTitle "EXT 2022"]
[Source "ChessBase"]
[SourceDate "2021.10.06"]
[SourceVersion "1"]
[SourceVersionDate "2021.10.06"]
[SourceQuality "1"]

1. d4 Nc6 2. Nf3 d5 3. e3 Bg4 4. c4 Nf6 5. cxd5 Qxd5 6. Nc3 Qh5 7. Be2 O-O-O 8. h3 e5 9. d5 Bb4 10. O-O Bxh3 11. gxh3 Bxc3 12. bxc3 Rxd5 13. Qa4 e4 14. c4 Ra5 15. Qd1 exf3 16. Bxf3 Qxh3 17. Bb2 Rg5+ 18. Bg4+ Nxg4 19. f4 Qh2# 0-1

[Event "Juste pour jouer"]
[Site "Montreal CAN"]
[Date "2012.10.05"]
[Round "1.31"]
[White "Gunn, Richard"]
[Black "Saine, Zachary"]
[Result "0-1"]
[WhiteElo "1020"]
[BlackElo "1459"]
[PlyCount "114"]
[GameId "2160767909444849"]
[EventDate "2012.10.05"]
[EventType "swiss"]
[EventRounds "7"]
[EventCountry "CAN"]
[SourceTitle "EXT 2022"]
[Source "ChessBase"]
[SourceDate "2021.10.06"]
[SourceVersion "1"]
[SourceVersionDate "2021.10.06"]
[SourceQuality "1"]

1. Nf3 Nf6 2. g3 g6 3. Bg2 Bg7 4. c4 e6 5. d4 d5 6. Nc3 O-O 7. O-O b6 8. Qd3 c6 9. Ne5 Bb7 10. b3 Nbd7 11. f4 Rb8 12. Ba3 Re8 13. Bd6 Rc8 14. c5 bxc5 15. dxc5 Qa5 16. b4 Qa3 17. Rab1 Ba6 18. Rb3 Qxb3 19. axb3 Bxd3 20. exd3 d4 21. Ne4 Nd5 22. Nxd7 f6 23. Ra1 Ra8 24. b5 cxb5 25. c6 a5 26. Nec5 Rac8 27. Nxe6 Rxc6 28. Bxd5 Rxd6 29. Nxg7+ Kxg7 30. Be4 Rxe4 31. Nc5 Re2 32. Rxa5 Rb6 33. Ra7+ Kh6 34. Rd7 Rb8 35. Rxd4 Ra8 36. Kf1 Rc2 37. Na4 bxa4 38. Rxa4 Rxa4 39. bxa4 Rxh2 40. a5 Ra2 41. a6 Kh5 42. a7 Rxa7 43. Ke2 Kg4 44. d4 Ra5 45. Kd3 Rd5 46. Ke4 Kxg3 47. Kxd5 Kxf4 48. Kc4 h5 49. Kd3 h4 50. Ke2 h3 51. Kf1 Kf3 52. Kg1 Kg3 53. Kh1 f5 54. Kg1 f4 55. Kh1 f3 56. Kg1 f2+ 57. Kh1 f1=R# 0-1

[Event "Juste pour jouer"]
[Site "Montreal CAN"]
[Date "2012.10.05"]
[Round "1.33"]
[White "Heredia, Jose"]
[Black "Jacques, Simon"]
[Result "1-0"]
[WhiteElo "1508"]
[BlackElo "1429"]
[PlyCount "75"]
[GameId "2160767909444850"]
[EventDate "2012.10.05"]
[EventType "swiss"]
[EventRounds "7"]
[EventCountry "CAN"]
[SourceTitle "EXT 2022"]
[Source "ChessBase"]
[SourceDate "2021.10.06"]
[SourceVersion "1"]
[SourceVersionDate "2021.10.06"]
[SourceQuality "1"]

1. e4 e6 2. d4 d5 3. Nc3 Bb4 4. exd5 exd5 5. Bd3 Nf6 6. Bg5 c6 7. a3 Bxc3+ 8. bxc3 O-O 9. Ne2 Bg4 10. f3 Be6 11. O-O Nbd7 12. Rb1 Rb8 13. Bf4 Qa5 14. Bxb8 Rxb8 15. Qd2 c5 16. dxc5 Qxc5+ 17. Nd4 Qxa3 18. Ra1 Qc5 19. Rfb1 Nb6 20. Rb5 Qc7 21. Rxa7 Nc8 22. Ra1 Nd6 23. Rba5 Kf8 24. Qe1 Bd7 25. Ra8 Nh5 26. Qe5 Nf6 27. Bb5 Re8 28. Rxe8+ Ndxe8 29. Qxc7 Nxc7 30. Bxd7 Nxd7 31. Rb1 Nc5 32. Nb5 N7e6 33. Nd6 Nd8 34. Rb5 Na4 35. Nxb7 Nxc3 36. Rb3 Nxb7 37. Rxc3 g5 38. Rd3 1-0

[Event "Juste pour jouer"]
[Site "Montreal CAN"]
[Date "2012.10.06"]
[Round "2"]
[White "Jacques, Simon"]
[Black "Bond, Yvon"]
[Result "1-0"]
[WhiteElo "1000"]
[BlackElo "1428"]
[PlyCount "73"]
[GameId "2160767909444851"]
[EventDate "2012.10.05"]
[EventType "swiss"]
[EventRounds "7"]
[EventCountry "CAN"]
[SourceTitle "EXT 2022"]
[Source "ChessBase"]
[SourceDate "2021.10.06"]
[SourceVersion "1"]
[SourceVersionDate "2021.10.06"]
[SourceQuality "1"]

1. e4 e5 2. f4 exf4 3. Nf3 d6 4. Bc4 Be6 5. Bxe6 fxe6 6. d4 Nf6 7. Nc3 Nbd7 8. Bxf4 Be7 9. Ng5 Nf8 10. e5 dxe5 11. Bxe5 Qd7 12. Qe2 c6 13. O-O O-O-O 14. Nf7 Ng6 15. Nxh8 Rxh8 16. Rad1 Bd8 17. Na4 Nxe5 18. dxe5 Nd5 19. c4 b5 20. cxd5 cxd5 21. Nc5 Bb6 22. Kh1 Qe8 23. Rc1 Kb8 24. Qg4 Bxc5 25. Rxc5 Qd7 26. Rfc1 Rf8 27. Qb4 a6 28. Rxb5+ axb5 29. Qxf8+ Kb7 30. Qd6 Qf7 31. Qc6+ Ka7 32. Qc7+ Qxc7 33. Rxc7+ Kb6 34. Rxg7 Kc5 35. Re7 d4 36. Rxe6 Kd5 37. Re8 1-0

[Event "Juste pour jouer"]
[Site "Montreal CAN"]
[Date "2012.10.06"]
[Round "2"]
[White "Kay, Sang Kill"]
[Black "Vera, Jesus"]
[Result "0-1"]
[WhiteElo "1567"]
[BlackElo "1332"]
[PlyCount "108"]
[GameId "2160767909444852"]
[EventDate "2012.10.05"]
[EventType "swiss"]
[EventRounds "7"]
[EventCountry "CAN"]
[SourceTitle "EXT 2022"]
[Source "ChessBase"]
[SourceDate "2021.10.06"]
[SourceVersion "1"]
[SourceVersionDate "2021.10.06"]
[SourceQuality "1"]

1. e4 c5 2. Nf3 Nc6 3. Bc4 e6 4. O-O Be7 5. Re1 d6 6. c3 Nf6 7. d4 cxd4 8. cxd4 d5 9. e5 dxc4 10. exf6 Bxf6 11. Be3 O-O 12. Na3 Qd5 13. Rc1 b5 14. Nc2 Bb7 15. a3 Rad8 16. Qd2 Qf5 17. Re2 Rd7 18. Qc3 Rfd8 19. Rd2 e5 20. Rcd1 exd4 21. Nfxd4 Nxd4 22. Nxd4 Qg6 23. g3 Qg4 24. Kf1 Bf3 25. Nxf3 Bxc3 26. Rxd7 Rxd7 27. Rxd7 Qxd7 28. bxc3 Qd3+ 29. Kg2 Qxc3 30. Nd4 Qxa3 31. Nxb5 Qe7 32. Nxa7 c3 33. Nb5 Qb7+ 34. Kg1 Qxb5 35. Kg2 c2 36. Kf3 c1=Q 37. Bxc1 Qc6+ 38. Kg4 Qxc1 39. f4 g6 40. h4 Qd1+ 41. Kh3 Qh1+ 42. Kg4 f5+ 43. Kg5 Qf3 44. Kf6 Qxg3 45. h5 Qc3+ 46. Kg5 Kg7 47. h6+ Kf7 48. Kh4 Qe1+ 49. Kh3 Kf6 50. Kg2 Qh4 51. Kf3 Qxh6 52. Kg3 Qh5 53. Kf2 Qg4 54. Ke3 Qg3+ 0-1

[Event "Juste pour jouer"]
[Site "Montreal CAN"]
[Date "2012.10.06"]
[Round "2"]
[White "Ouellet, Maili-Jade"]
[Black "Zhou, Jiehan"]
[Result "0-1"]
[WhiteElo "1351"]
[BlackElo "1811"]
[PlyCount "126"]
[GameId "2160767909444853"]
[EventDate "2012.10.05"]
[EventType "swiss"]
[EventRounds "7"]
[EventCountry "CAN"]
[SourceTitle "EXT 2022"]
[Source "ChessBase"]
[SourceDate "2021.10.06"]
[SourceVersion "1"]
[SourceVersionDate "2021.10.06"]
[SourceQuality "1"]

1. d4 Nf6 2. c4 e6 3. Nc3 d5 4. Bg5 Be7 5. e3 O-O 6. Nf3 h6 7. Bh4 c6 8. cxd5 cxd5 9. Bd3 b6 10. O-O Ba6 11. Rc1 Bxd3 12. Qxd3 Nbd7 13. Ne5 Nxe5 14. dxe5 Nd7 15. Bg3 Bh4 16. e4 Bxg3 17. Qxg3 dxe4 18. Nxe4 f6 19. Qb3 Nxe5 20. Qxe6+ Nf7 21. Rfd1 Qe8 22. Qg4 Qe5 23. b3 f5 24. Qg6 Qxe4 25. Re1 Rac8 26. Rb1 Qc2 27. Ra1 Rfe8 28. Rf1 Ng5 29. Qd6 Red8 30. Qe7 Qc7 31. Qe3 f4 32. Qe2 f3 33. gxf3 Qf4 34. Kh1 Nxf3 35. Qe6+ Kh8 36. Qh3 Qe4 37. Qg2 Nd2 38. Rg1 Qxg2+ 39. Rxg2 Nf3 40. Rg3 Ng5 41. Rag1 Rd7 42. f3 Rc2 43. a3 Rdd2 44. R1g2 Rxg2 45. Rxg2 Rxg2 46. Kxg2 Kg8 47. Kf2 Kf7 48. Ke3 Kf6 49. h4 Ne6 50. f4 Kf5 51. Kd3 Kxf4 52. Kc4 g5 53. hxg5 hxg5 54. Kb5 g4 55. Ka6 g3 56. Kxa7 g2 57. Kxb6 g1=Q+ 58. Kb5 Qc5+ 59. Ka4 Qa7+ 60. Kb4 Ke4 61. Kb5 Kd4 62. b4 Kd5 63. a4 Nc7# 0-1

[Event "Juste pour jouer"]
[Site "Montreal CAN"]
[Date "2012.10.06"]
[Round "2"]
[White "Spaulding, Derrick"]
[Black "Gunn, Richard"]
[Result "1-0"]
[WhiteElo "1396"]
[BlackElo "1112"]
[PlyCount "53"]
[GameId "2160767909444854"]
[EventDate "2012.10.05"]
[EventType "swiss"]
[EventRounds "7"]
[EventCountry "CAN"]
[SourceTitle "EXT 2022"]
[Source "ChessBase"]
[SourceDate "2021.10.06"]
[SourceVersion "1"]
[SourceVersionDate "2021.10.06"]
[SourceQuality "1"]

1. d4 Nf6 2. c4 g6 3. Nc3 d5 4. Bg5 Bg7 5. Bxf6 Bxf6 6. cxd5 O-O 7. e4 e6 8. Bc4 e5 9. dxe5 Bxe5 10. Nge2 c6 11. O-O Bg4 12. f3 cxd5 13. Bxd5 Bd7 14. Qb3 Bc6 15. Rfd1 Qc7 16. f4 Bxf4 17. Nxf4 Qxf4 18. Rf1 Qe3+ 19. Kh1 Bxd5 20. Qxd5 Nc6 21. Rae1 Qb6 22. Re2 Rad8 23. Qg5 Nd4 24. Ref2 Ne6 25. Qh6 Ng7 26. Nd5 Qe6 27. Nf6+ 1-0

[Event "Juste pour jouer"]
[Site "Montreal CAN"]
[Date "2012.10.06"]
[Round "2"]
[White "Zhang, Hou Han"]
[Black "Poulin, Marc"]
[Result "1-0"]
[WhiteElo "1355"]
[BlackElo "1117"]
[PlyCount "101"]
[GameId "2160767909444855"]
[EventDate "2012.10.05"]
[EventType "swiss"]
[EventRounds "7"]
[EventCountry "CAN"]
[SourceTitle "EXT 2022"]
[Source "ChessBase"]
[SourceDate "2021.10.06"]
[SourceVersion "1"]
[SourceVersionDate "2021.10.06"]
[SourceQuality "1"]

1. e4 e5 2. Nf3 Nf6 3. d3 Nc6 4. Bg5 Be7 5. Nbd2 O-O 6. Be2 d6 7. O-O Be6 8. h3 Nh5 9. Be3 f5 10. Nh2 f4 11. Bxh5 fxe3 12. fxe3 Bg5 13. Qe2 Qd7 14. Bg4 Nb4 15. Ndf3 Bh6 16. c3 Nc6 17. d4 exd4 18. exd4 Ne7 19. Bxe6+ Qxe6 20. d5 Qd7 21. Nd4 Ng6 22. Ng4 Bf4 23. Ne6 Rf7 24. Rf3 Be5 25. Rxf7 Qxf7 26. Rf1 Qe7 27. Ne3 Nf8 28. Nf5 Qd7 29. Nxf8 Rxf8 30. Qg4 Kh8 31. Ne3 Rxf1+ 32. Kxf1 Qf7+ 33. Qf5 Qxf5+ 34. Nxf5 Kg8 35. Nd4 Kf7 36. Ne6 Bf6 37. Nxc7 Kg6 38. Ke2 a6 39. Ne6 Kh5 40. Kf3 Be5 41. c4 Bxb2 42. c5 dxc5 43. Nxc5 b5 44. Nxa6 Be5 45. Nc5 b4 46. Nb7 Kg6 47. d6 Bxd6 48. Nxd6 Kf6 49. Ke3 Ke6 50. Nc4 g6 51. Kd4 1-0

[Event "Juste pour jouer"]
[Site "Montreal CAN"]
[Date "2012.10.06"]
[Round "2.17"]
[White "Turcotte, Jonathan"]
[Black "Lemieux, Serge"]
[Result "1-0"]
[WhiteElo "1907"]
[BlackElo "1589"]
[PlyCount "57"]
[GameId "2160767909444856"]
[EventDate "2012.10.05"]
[EventType "swiss"]
[EventRounds "7"]
[EventCountry "CAN"]
[SourceTitle "EXT 2022"]
[Source "ChessBase"]
[SourceDate "2021.10.06"]
[SourceVersion "1"]
[SourceVersionDate "2021.10.06"]
[SourceQuality "1"]

1. d4 e6 2. Nf3 Nf6 3. c4 c6 4. Nc3 d5 5. Bg5 Nbd7 6. e3 h6 7. Bh4 Be7 8. Rc1 dxc4 9. Bxc4 b5 10. Bd3 Bb7 11. O-O a6 12. a4 O-O 13. Qe2 Rc8 14. Rfd1 Nd5 15. Bxe7 Qxe7 16. Ne4 f5 17. Nc5 Nxc5 18. Rxc5 Rc7 19. Ne5 Rfc8 20. Rdc1 Qe8 21. Qd2 Nf6 22. Qc2 Nd5 23. Qb3 bxa4 24. Qxa4 Nb6 25. Qa5 Nd7 26. R5c3 Nxe5 27. Qxe5 Qe7 28. Bc4 Kf7 29. Qxf5+ 1-0

[Event "Juste pour jouer"]
[Site "Montreal CAN"]
[Date "2012.10.06"]
[Round "2.18"]
[White "Bergeron, Jean-Guy"]
[Black "Lalonde, Paul"]
[Result "1-0"]
[WhiteElo "1480"]
[BlackElo "1888"]
[PlyCount "71"]
[GameId "2160767909444857"]
[EventDate "2012.10.05"]
[EventType "swiss"]
[EventRounds "7"]
[EventCountry "CAN"]
[SourceTitle "EXT 2022"]
[Source "ChessBase"]
[SourceDate "2021.10.06"]
[SourceVersion "1"]
[SourceVersionDate "2021.10.06"]
[SourceQuality "1"]

1. c4 Nf6 2. Nc3 g6 3. e4 d6 4. d4 Bg7 5. Nf3 O-O 6. Be2 e5 7. O-O Nc6 8. d5 Ne7 9. b4 Nh5 10. Re1 Nf4 11. Bf1 Bg4 12. h3 Bxf3 13. Qxf3 f5 14. g3 fxe4 15. Qxe4 Nh5 16. Bg5 Nf6 17. Bxf6 Rxf6 18. c5 Nf5 19. Rad1 Qd7 20. c6 Qf7 21. cxb7 Rb8 22. Ba6 Nd4 23. Rf1 Nf3+ 24. Kh1 Bh6 25. Qg4 Nd2 26. Qc8+ Kg7 27. Qxb8 Rxf2 28. Rxf2 Qxf2 29. Qxc7+ Kg8 30. b8=Q+ Bf8 31. Qxf8+ Kxf8 32. Qxd6+ Kg8 33. Qe6+ Kf8 34. Rxd2 Qe1+ 35. Kg2 Qxd2+ 36. Ne2 1-0

[Event "Juste pour jouer"]
[Site "Montreal CAN"]
[Date "2012.10.06"]
[Round "2.19"]
[White "Perna-Fraser, David"]
[Black "Heredia, Jose"]
[Result "0-1"]
[WhiteElo "1887"]
[BlackElo "1508"]
[PlyCount "98"]
[GameId "2160767909444858"]
[EventDate "2012.10.05"]
[EventType "swiss"]
[EventRounds "7"]
[EventCountry "CAN"]
[SourceTitle "EXT 2022"]
[Source "ChessBase"]
[SourceDate "2021.10.06"]
[SourceVersion "1"]
[SourceVersionDate "2021.10.06"]
[SourceQuality "1"]

1. d4 d5 2. c4 c6 3. Nc3 Nf6 4. Nf3 e6 5. e3 Nbd7 6. Bd3 dxc4 7. Bxc4 b5 8. Bd3 Bb7 9. O-O b4 10. Ne2 Be7 11. Ng3 O-O 12. Bd2 c5 13. Rc1 cxd4 14. exd4 Qb6 15. Be3 Nd5 16. Ne2 Bd6 17. Ng5 N7f6 18. Qd2 h6 19. Nf3 Rfc8 20. Rfe1 Nxe3 21. fxe3 Rc6 22. Rxc6 Qxc6 23. Rc1 Qd5 24. Bc4 Qh5 25. Nf4 Bxf4 26. exf4 Bxf3 27. gxf3 Qxf3 28. Qf2 Qxf2+ 29. Kxf2 Rc8 30. b3 Ne4+ 31. Ke3 Nd6 32. Kd3 a5 33. Rc2 Nxc4 34. bxc4 Kf8 35. Ke4 Ke7 36. c5 Kd7 37. h4 Kc6 38. h5 f6 39. Rg2 Rc7 40. Rg3 a4 41. Rg2 Rb7 42. Re2 b3 43. axb3 axb3 44. Rb2 Rb4 45. Kd3 Kd5 46. Kc3 Rxd4 47. Rxb3 Rxf4 48. Rb7 Rg4 49. Re7 e5 0-1

[Event "Juste pour jouer"]
[Site "Montreal CAN"]
[Date "2012.10.06"]
[Round "2.20"]
[White "Saine, Zachary"]
[Black "Morin, Louis"]
[Result "0-1"]
[WhiteElo "1459"]
[BlackElo "1855"]
[PlyCount "40"]
[GameId "2160767909444859"]
[EventDate "2012.10.05"]
[EventType "swiss"]
[EventRounds "7"]
[EventCountry "CAN"]
[SourceTitle "EXT 2022"]
[Source "ChessBase"]
[SourceDate "2021.10.06"]
[SourceVersion "1"]
[SourceVersionDate "2021.10.06"]
[SourceQuality "1"]

1. e4 e5 2. Nf3 d6 3. Bc4 Be6 4. Bb3 Nf6 5. d3 Be7 6. O-O O-O 7. c3 Nbd7 8. Bxe6 fxe6 9. Ng5 Nc5 10. b4 h6 11. bxc5 hxg5 12. cxd6 Qxd6 13. Bxg5 Rad8 14. Qb3 b6 15. Rd1 Ng4 16. Bxe7 Qxe7 17. Qa3 Qh4 18. Rd2 Qxh2+ 19. Kf1 Qh1+ 20. Ke2 Rxf2# 0-1

[Event "Juste pour jouer"]
[Site "Montreal CAN"]
[Date "2012.10.06"]
[Round "2.21"]
[White "Perna, Valentino"]
[Black "Lalumiere, Claude"]
[Result "0-1"]
[WhiteElo "1122"]
[BlackElo "1788"]
[PlyCount "60"]
[GameId "2160767909444860"]
[EventDate "2012.10.05"]
[EventType "swiss"]
[EventRounds "7"]
[EventCountry "CAN"]
[SourceTitle "EXT 2022"]
[Source "ChessBase"]
[SourceDate "2021.10.06"]
[SourceVersion "1"]
[SourceVersionDate "2021.10.06"]
[SourceQuality "1"]

1. f4 d5 2. Nf3 Nf6 3. e3 c5 4. d3 Nc6 5. Be2 e6 6. O-O Bd6 7. c3 O-O 8. Qe1 Qc7 9. Ng5 h6 10. Nf3 Bd7 11. Na3 a6 12. c4 Rae8 13. b3 e5 14. cxd5 Nxd5 15. e4 Nxf4 16. Nc4 Nxe2+ 17. Qxe2 Bg4 18. Qf2 Nd4 19. h3 Nxf3+ 20. gxf3 Bxh3 21. Re1 Bc8 22. Kf1 Re6 23. Ke2 b5 24. Nxd6 Rxd6 25. Rh1 Rg6 26. Rg1 c4 27. Rxg6 fxg6 28. d4 cxb3 29. axb3 Qc2+ 30. Ke3 exd4+ 0-1

[Event "Juste pour jouer"]
[Site "Montreal CAN"]
[Date "2012.10.06"]
[Round "2.22"]
[White "Leung, Chin"]
[Black "Johnson-Constantin, Mathieu"]
[Result "1-0"]
[WhiteElo "1767"]
[BlackElo "1464"]
[PlyCount "107"]
[GameId "2160767909444861"]
[EventDate "2012.10.05"]
[EventType "swiss"]
[EventRounds "7"]
[EventCountry "CAN"]
[SourceTitle "EXT 2022"]
[Source "ChessBase"]
[SourceDate "2021.10.06"]
[SourceVersion "1"]
[SourceVersionDate "2021.10.06"]
[SourceQuality "1"]

1. e4 e5 2. Nf3 Nc6 3. Bb5 d6 4. c3 Nf6 5. d3 a6 6. Ba4 Bd7 7. O-O Be7 8. Re1 b5 9. Bb3 a5 10. d4 O-O 11. dxe5 dxe5 12. Bg5 Bg4 13. Nbd2 a4 14. Bxf6 Bxf6 15. Bd5 Ra6 16. Qe2 Qb8 17. h3 Bh5 18. Nf1 Ne7 19. a3 c6 20. Ba2 c5 21. g4 Bg6 22. g5 Bh5 23. gxf6 Rxf6 24. N1h2 Qc8 25. Qe3 Rg6+ 26. Kh1 Qxh3 27. Rg1 Bxf3+ 28. Qxf3 Qxf3+ 29. Nxf3 Rh6+ 30. Kg2 c4 31. Nxe5 Re6 32. f4 Ng6 33. Kf3 Nxe5+ 34. fxe5 Rxe5 35. Rad1 g6 36. Kf4 Rfe8 37. Bb1 Kg7 38. Rd7 Rh5 39. Rf1 Rf8 40. Rb7 h6 41. e5 g5+ 42. Kg3 Rh4 43. Rxb5 h5 44. e6 Rg4+ 45. Kf2 fxe6+ 46. Ke1 Rxf1+ 47. Kxf1 Kf6 48. Bc2 h4 49. Rb8 Ke5 50. Rh8 Kf4 51. Kf2 Rg3 52. Rf8+ Kg4 53. Bxa4 h3 54. Bd1+ 1-0

[Event "Juste pour jouer"]
[Site "Montreal CAN"]
[Date "2012.10.06"]
[Round "2.24"]
[White "Wang, Kelly"]
[Black "Luo, Jia Yu"]
[Result "1-0"]
[WhiteElo "1683"]
[BlackElo "801"]
[PlyCount "53"]
[GameId "2160767909444863"]
[EventDate "2012.10.05"]
[EventType "swiss"]
[EventRounds "7"]
[EventCountry "CAN"]
[SourceTitle "EXT 2022"]
[Source "ChessBase"]
[SourceDate "2021.10.06"]
[SourceVersion "1"]
[SourceVersionDate "2021.10.06"]
[SourceQuality "1"]

1. e4 e5 2. Nf3 Nc6 3. Bc4 h6 4. d4 d6 5. dxe5 Nxe5 6. Nxe5 Qe7 7. Bxf7+ Kd8 8. Bxg8 Qxe5 9. Qd5 c6 10. Qxe5 dxe5 11. Bb3 Bb4+ 12. Bd2 Bxd2+ 13. Nxd2 Rf8 14. Nf3 Bg4 15. Nxe5 Re8 16. Nxg4 Rxe4+ 17. Ne3 Kc7 18. Rd1 Rd8 19. Rxd8 Kxd8 20. Ke2 Kc7 21. Rd1 Re7 22. Kf1 Rd7 23. Rxd7+ Kxd7 24. Nf5 b5 25. Nxg7 Ke7 26. Nf5+ Kf6 27. Nxh6 1-0

[Event "Juste pour jouer"]
[Site "Montreal CAN"]
[Date "2012.10.06"]
[Round "2.25"]
[White "Tinica, Gabriel"]
[Black "Alcantara, Maximo"]
[Result "0-1"]
[WhiteElo "958"]
[BlackElo "1866"]
[PlyCount "64"]
[GameId "2160767909444864"]
[EventDate "2012.10.05"]
[EventType "swiss"]
[EventRounds "7"]
[EventCountry "CAN"]

1. d4 Nf6 2. c4 c5 3. d5 d6 4. Nc3 e6 5. e4 exd5 6. exd5 Be7 7. Nf3 O-O 8. Be2 Bg4 9. O-O Nbd7 10. Bg5 Nb6 11. b3 Re8 12. Qc2 h6 13. Be3 Qd7 14. a4 Nh7 15. a5 Nc8 16. Rfb1 Bf6 17. Ra2 Ne7 18. b4 Nf5 19. Bf4 Bxc3 20. Qxc3 Nf6 21. bxc5 Ne4 22. Qb3 Nxc5 23. Qb5 Qe7 24. h3 Bxf3 25. Bxf3 Nd4 26. Qb2 Qf6 27. Be3 Nxf3+ 28. gxf3 Qxf3 29. Rba1 Re5 30. Bxc5 Rg5+ 31. Kf1 dxc5 32. Qxb7 Re8 0-1